000 01017nam a2200253Ia 4500
003 OSt
005 20221005111211.0
006 a|||||r|||| 00| 0
007 ta
008 221004b |||||||| |||| 00| 0 hin d
020 _a8170557445 (hbk)
_c995
024 _a105505
037 _b462, 17/03/2011, Vani Prakashan
_cTextual
040 _aCRL
_cCRL
_bhin
041 _2hin
_ahin
082 _aV2z7, 152P0;P8
100 _aशर्मा, रामविलास
245 0 _aगॉंधी, अम्बेडकर, लोहिया और भारतीय इतिहास की समस्याएॅं
246 _aGaॉandhī, ambeḍakara, lohiyā aur bhāratīya itihās kī samasyāeॅan
260 _aनई दिल्ली
_bवाणी प्रकाशन भारत
_c2008
300 _a786पृ0
_ccm.
942 _hV2z7, 152P0;P8
_cTEXL
_2cc
999 _c1021129
_d1021129